01020nam a2200229Ia 4500001027200000002005000272008003700322010001100359530002200370583002600392650004600418650002600464650005600490650002600546650002000572650002700592700004300619700003700662700005300699942001900752999001900771IA_Getting the following financial indicators: TIR = 32.0% y VAN = 12´054,150.00. Developed to implement the project generates an economic impact and social for the region to create jobs for the community thus as revenue for the company without damaging the environment.ESTUDIO DE FACTIBILIDAD TECNICO-ECONOMICO PARA LA220117s xx 000 0 und d a184372 aDisponible en PDF a1 ej. imp. ; 2 ej. CD 0aEntrepreneurshipzMexicozJalisco9148608 aGreenhouses 9156789 0aIniciativa empresarialzMéxicozJalisco 9148610 aInvernaderos 960172 0aPaprika9156790 0aPimentónx 9156791 aLeyva Ruelas, Gabriel, asesor 91637111 aPonce Hernández, Pedro9147918 aReyna Izaguirre, Diana América, asesor9163686 cTESIS V55 2011 c184372d184372